000 00340nam a2200133Ia 4500
008 220217s9999||||xx |||||||||||||| ||und||
020 _a978-81-223-0616-3
082 _a004 JAI
100 _aJain, V.K
245 0 _aComputer for beginners
260 _aPusthaka mahal
_bNew Delhi
_c2009
300 _b96
650 _aCOMPUTER SCIENCE
999 _c180172
_d180172